| 000 | 00423cam a2200145ua 4500 | ||
|---|---|---|---|
| 041 |
_aeng _h |
||
| 082 |
_a828.09 _bWIL/EI |
||
| 100 | _aWilley, Basil . | ||
| 245 |
_aEighteenth century background: Studies on the idea of nature in the thought of the period / _cBasil Willey. _hTextual Documents |
||
| 260 |
_aLondon : _bChatto and winds , _c1961. |
||
| 300 | _a302 ; . | ||
| 504 | _a | ||
| 942 | _cBK | ||
| 999 |
_c2430 _d2430 |
||